Statystyki dla Państwa, które produkują najwięcej bananów

Kliknij tutaj aby rozwiązać quiz!

Ogólne statystyki

  • Ten quiz został rozwiązany 171 razy
  • Średni wynik to 7 z 14

Statystyki odpowiedzi

TonyPaństwo% Poprawnych
6.68 mlnBrazylia
93%
11.2 mlnChiny
81%
30.5 mlnIndie
79%
3.79 mlnKolumbia
74%
2.23 mlnMeksyk
72%
7.16 mlnIndonezja
70%
6.28 mlnEkwador
59%
6.04 mlnFilipiny
42%
2.05 mlnWietnam
42%
2.55 mlnKostaryka
32%
3.89 mlnGwatemala
23%
3.49 mlnTanzania
23%
4.30 mlnAngola
17%
1.73 mlnRwanda
6%

Rozkład punktacji

Percentyl według liczby udzielonych odpowiedzi

Procent ludzi z każdym wynikiem

Twoja historia wyników

Nie rozwiązałeś tego quizu